MARC details
| 000 - LÍDER |
| campo de control de longitud fija |
01738nam a2200253Ia 4500 |
| 008 - ELEMENTOS DE DATOS DE LONGITUD FIJA - INFORMACIÓN GENERAL |
| campo de control de longitud fija |
0000001989 sp ad 0000000000spa00 |
| 020 ## - INTERNATIONAL STANDARD BOOK NUMBER |
| International Standard Book Number |
8474835534 |
| 090 ## - NÚMERO DE LLAMADA DE TIPO LC LOCALMENTE ASIGNADO (OCLC) |
| Número de clasificación (OCLC) (R) |
PSP00 C63a |
| 100 1# - ENTRADA PRINCIPAL - NOMBRE PERSONAL |
| Nombre de la persona |
Cohen, Marcel |
| 245 10 - TÍTULO DECLARACIÓN |
| Título |
Antonio Saura |
| Resto del título |
: pinturas 19561985 |
| Declaración de responsabilidad |
/ textos Marcel Cohen y Rainer Michael Mason ; traducción Antonio Saura, Inmaculada Pérez y Aparicio ; fotografía Alberto Schommer y Jean Bescós |
| 260 ## - PUBLICACIÓN, DISTRIBUCIÓN |
| Lugar de publicación |
Madrid : Centro de Cultura, Centro de Arte Reina Sofía |
| Fecha de publicación |
1989 |
| 300 ## - DESCRIPCIÓN FÍSICA |
| Alcance |
203 p. |
| Dimensiones |
/ 31 cm. |
| 500 ## - NOTA GENERAL |
| Nota general |
Exposición realizada en: Musée Rath, Musée d'art et d'histoire, Ginebra, junio 16 a septiembre 17 de 1980; Instituto Valenciano de Arte Moderno, Centre Julio González, Valencia, septiembre 27 a noviembre 26 de 1989; Centro de Arte Reina Sofía, Madrid, enero 10 a marzo 19 de 1990; Stadtische Galerie im Lenbachhaus, Munich, abril 4 a junio 4 de 1990 y Musée d'art moderne, Réfectoire des Jacobins, finales de junio a septiembre 16 de 1990 \ Registro auspiciado por la FGAA. Bogotá |
| 501 ## - Con nota |
| Con nota |
Por cuatro caminos / Rainer Michael Mason Iniciales / Antonio Saura Claves de redacción La semana comienza mal / Marcel Cohen Saura o la clausura / Tomás Llorens El sobrecogimiento / Rainer Michael Mason |
| 600 00 - ENTRADA DE SUJETO AÑADIDO - NOMBRE PERSONAL |
| Nombre de la persona |
SAURA, ANTONIO, 19301998/ |
| Subdivisión general |
TRABAJOS PICTORICOS |
| 650 14 - ENTRADA DE SUJETO AÑADIDO - TÉRMINO TÓPICO |
| Término tópico o elemento de entrada del nombre geográfico |
ARTE CONTEMPORANEO ESPAÑOL |
| 650 14 - ENTRADA DE SUJETO AÑADIDO - TÉRMINO TÓPICO |
| Término tópico o elemento de entrada del nombre geográfico |
ARTISTAS PLASTICOS ESPAÑOLES EXPOSIONES |
| 650 14 - ENTRADA DE SUJETO AÑADIDO - TÉRMINO TÓPICO |
| Subdivisión general |
CATALOGOS |
| 650 14 - ENTRADA DE SUJETO AÑADIDO - TÉRMINO TÓPICO |
| Subdivisión general |
EXPOSICIONES |
| 650 14 - ENTRADA DE SUJETO AÑADIDO - TÉRMINO TÓPICO |
| Término tópico o elemento de entrada del nombre geográfico |
PINTORES ESPAÑOLES |
| 650 14 - ENTRADA DE SUJETO AÑADIDO - TÉRMINO TÓPICO |
| Término tópico o elemento de entrada del nombre geográfico |
PINTURA AL OLEO |
| 650 14 - ENTRADA DE SUJETO AÑADIDO - TÉRMINO TÓPICO |
| Término tópico o elemento de entrada del nombre geográfico |
PINTURA ESPAÑOLA |
| 700 1# - ENTRADA AGREGADA - NOMBRE PERSONAL |
| Nombre de la persona |
Mason, Rainer Michael \ Saura, Antonio, 19301998. \ Pérez y Aparicio, Inmaculada, tr \ Schommer, Alberto \ Bescós, Jean \ Llorens, Tomás |